Getting connected (Record no. 357)
[ view plain ]
| 000 -LEADER | |
|---|---|
| fixed length control field | nam a22 a 4500 |
| 005 - DATE AND TIME OF LATEST TRANSACTION | |
| control field | 20170503144849.0 |
| 008 - FIXED-LENGTH DATA ELEMENTS--GENERAL INFORMATION | |
| fixed length control field | 170503s2000 -uka || 001 ||eng d |
| 020 ## - INTERNATIONAL STANDARD BOOK NUMBER | |
| International Standard Book Number | 075130994X (pbk.) : |
| Terms of availability | £4.99 |
| 040 ## - CATALOGING SOURCE | |
| Original cataloging agency | AKMAL |
| 082 04 - DEWEY DECIMAL CLASSIFICATION NUMBER | |
| Classification number | 004.678 COO |
| 090 ## - LOCALLY ASSIGNED LC-TYPE CALL NUMBER (OCLC); LOCAL CALL NUMBER (RLIN) | |
| Classification number (OCLC) (R) ; Classification number, CALL (RLIN) (NR) | 004.678 |
| Local cutter number (OCLC) ; Book number/undivided call number, CALL (RLIN) | COO |
| 100 01 - MAIN ENTRY--PERSONAL NAME | |
| Personal name | Cooper, Brian |
| 9 (RLIN) | 808 |
| 245 10 - TITLE STATEMENT | |
| Title | Getting connected |
| Statement of responsibility, etc. | Brian Cooper. |
| 260 ## - PUBLICATION, DISTRIBUTION, ETC. | |
| Place of publication, distribution, etc. | London |
| Name of publisher, distributor, etc. | Dorling Kindersley |
| Date of publication, distribution, etc. | 2000 |
| 300 ## - PHYSICAL DESCRIPTION | |
| Extent | 72 p.: |
| Other physical details | col. ill. |
| Dimensions | 18 cm |
| 490 1# - SERIES STATEMENT | |
| Series statement | Essential computers. Internet |
| 500 ## - GENERAL NOTE | |
| General note | Includes Index |
| 650 0# - SUBJECT ADDED ENTRY--TOPICAL TERM | |
| Topical term or geographic name entry element | Internet |
| 9 (RLIN) | 788 |
| 650 0# - SUBJECT ADDED ENTRY--TOPICAL TERM | |
| Topical term or geographic name entry element | Internet service providers |
| 9 (RLIN) | 809 |
| 830 0# - SERIES ADDED ENTRY--UNIFORM TITLE | |
| Uniform title | Essential computers. |
| Name of part/section of a work | Internet. |
| 9 (RLIN) | 807 |
| 852 41 - LOCATION | |
| Location | British Library |
| Sublocation or collection | HMNTS |
| 942 ## - ADDED ENTRY ELEMENTS (KOHA) | |
| Source of classification or shelving scheme | |
| Koha item type | Book |
| Withdrawn status | Lost status | Source of classification or shelving scheme | Damaged status | Not for loan | Collection code | Home library | Current library | Shelving location | Date acquired | Inventory number | Total Checkouts | Full call number | Barcode | Date last seen | Price effective from | Koha item type |
|---|---|---|---|---|---|---|---|---|---|---|---|---|---|---|---|---|
| NON-FICTION | AKMAL Melaka | AKMAL Melaka | PINJAMAN | 03.05.2017 | 000628 | 004.678 COO | 201701212 | 03.05.2017 | 03.05.2017 | Book |
